000 00736nam a22001697a 4500
999 _c61495
_d61495
005 20240320110736.0
008 240320c2012 ge ||||| |||| 00| 0 geo d
020 _q15120880
041 _ageo
245 _aსაქართველოს ბიბლიოთეკა :
_b2012.
_cრედ.: ალექსანდრე ლორია, გურამ თაყნიაშვილი.
260 _aთბილისი,
_c2012.
300 _aV.
653 _aბიბლიოთეკა
700 _aლორია, ალექსანდრე
_eრედქტორი.
_921479
700 _aთაყნიაშვილი, გურამ
_eრედაქტორი
_921480
942 _2udc
_cᲬᲘᲒᲜᲘ